00565nam a22001817a 450000500170000001000150001702000260003203500140005803700130007208200110008510000200009624500930011625000090020926000270021827000830024530000250032870000300035320230818113506.0 aENG-137831 a9788192380230c150.00 aEN-121361 bDBAD/PUB a342.54 aBasu, Durga Das aCommentary on the Constitution of India/cBy Durga Das Basu, frwd by M N Venkatachaliah a9th  aHaryana bLexis Nexis  a14th floor, Building No10, Tower-B, DLF Cyber city, phase-2,bgurgaon e122002 avariousp.c26CM(pbk) a M N VenkatachaliaheFrwd